Countries Where It's Illegal To Hit Children - Statistics

General Stats
  • This quiz has been taken 68 times
  • The average score is 41 of 66
Answer Stats
Year Answer % Correct
1997 Denmark
89%
1983 Finland
85%
2003 Iceland
85%
2020 Japan
85%
2010 Norway
85%
1979 Sweden
85%
2014 Brazil
83%
1998 Germany
83%
2015 Ireland
83%
2007 Spain
83%
1989 Austria
81%
2007 Portugal
81%
2014 Argentina
79%
2019 France
79%
2006 Greece
79%
2007 New Zealand
79%
2021 South Korea
79%
1997 Poland
77%
2014 Estonia
74%
2008 Luxembourg
74%
2007 Netherlands
74%
2016 Slovenia
74%
2004 Ukraine
74%
2007 Chile
72%
2005 Hungary
72%
1998 Latvia
72%
2017 Lithuania
72%
2010 Albania
70%
1999 Croatia
70%
2004 Romania
70%
2019 South Africa
70%
2015 Peru
68%
2007 Uruguay
68%
2014 Bolivia
66%
2000 Bulgaria
66%
2021 Colombia
66%
2016 Montenegro
64%
2016 Paraguay
64%
2007 Venezuela
64%
2014 Andorra
62%
2008 Liechtenstein
60%
2014 Malta
60%
2008 Moldova
60%
2000 Israel
58%
2013 North Macedonia
58%
2014 San Marino
58%
2019 Kosovo
57%
2008 Costa Rica
55%
1994 Cyprus
55%
2020 Georgia
55%
2010 Kenya
47%
2018 Nepal
47%
2013 Honduras
43%
2014 Nicaragua
43%
2016 Mongolia
42%
2022 Mauritius
40%
2010 Republic Of Congo
38%
2020 Seychelles
36%
2010 Tunisia
36%
2013 Cape Verde
34%
2022 Zambia
28%
2021 Guinea
26%
2011 South Sudan
25%
2007 Togo
25%
2015 Benin
23%
2002 Turkmenistan
21%
No matching quizzes found
Score Distribution
Percent of People with Each Score
Percentile by Number Answered
Your Score History
You have not taken this quiz